Ellery Queen´s Mystery Magazine. (Record no. 6055)

MARC details
000 -CABECERA
campo de control de longitud fija 00594nam a2200217 a 4500
001 - NÚMERO DE CONTROL
campo de control BRCA_6369
005 - FECHA Y HORA DE LA ÚLTIMA TRANSACCIÓN
campo de control 20190321142923.0
008 - DATOS DE LONGITUD FIJA--INFORMACIÓN GENERAL
campo de control de longitud fija 940315s1955####nyua#####b---#001-0#eng-#
041 ## - CÓDIGO DE LENGUA
Código de lengua del texto/banda sonora o título independiente nyu
044 ## - CÓDIGO DEL PAÍS DE LA ENTIDAD EDITORA/PRODUCTORA
Código MARC del país eng
050 #4 - SIGNATURA TOPOGRÁFICA DE LA BIBLIOTECA DEL CONGRESO
Número de documento/Ítem .E45 1955
245 10 - MENCIÓN DE TÍTULO
Título Ellery Queen´s Mystery Magazine.
260 ## - PUBLICACIÓN, DISTRIBUCIÓN, ETC.
Lugar de publicación, distribución, etc. Nueva York
Nombre del editor, distribuidor, etc. Mercury Publications
Fecha de publicación, distribución, etc. 1955
300 ## - DESCRIPCIÓN FÍSICA
Extensión 143 p.
Dimensiones 20 cm.
500 ## - NOTA GENERAL
Nota general Vol. 25, No. 2, Whole No. 135, febrero 1955
500 ## - NOTA GENERAL
Nota general Revista inventariada por Banco de México como libro
500 ## - NOTA GENERAL
Nota general CEF49
650 14 - PUNTO DE ACCESO ADICIONAL DE MATERIA--TÉRMINO DE MATERIA
Término de materia o nombre geográfico como elemento de entrada Novelas policíacas
9 (RLIN) 877
902 ## - CATALOGADOR
Iniciales GFM
942 ## - ELEMENTOS DE PUNTO DE ACCESO ADICIONAL (KOHA)
Fuente del sistema de clasificación o colocación Library of Congress Classification
Tipo de ítem Koha Libros
Holdings
Estado de retiro Estado de pérdida Estado dañado No para préstamo Localización permanente Ubicación/localización actual Fecha de adquisición Número de inventario Total de préstamos Signatura topográfica completa Código de barras Fecha visto por última vez Precio válido a partir de Tipo de ítem Koha
El ejemplar forma parte de la colección y puede ser consultado según las políticas vigentes.       Biblioteca del Museo Franz Mayer (Rogerio Casas-Alatriste) Biblioteca del Museo Franz Mayer (Rogerio Casas-Alatriste) 25/08/2011 CEF49   .E45 1955 (CEF49) 6816 22/03/2019 22/03/2019 Libros